Conocimiento expropiado : epistemología política en una democracia radical /

Kaydedildi:
Detaylı Bibliyografya
Yazar: Broncano , Fernando (autor)
Materyal Türü: Kitap
Dil:İspanyolca
Baskı/Yayın Bilgisi: Madrid, España : Akal, 2020, c2020
Seri Bilgileri:(Akal Pensamiento Crítico ; 89)
Konular:
Online Erişim:Ver documento en línea
Etiketler: Etiketle
Etiket eklenmemiş, İlk siz ekleyin!

MARC

LEADER 00000nam^a2200000^a^4500
001 000591181
005 20251023000000.0
009 20260310132923.018
020 |a 9788446050209 
037 |a Acervo ITESO - Biblioteca 
041 |a ESP 
082 |a 320. 01  |b BRO 
100 |a Broncano , Fernando  |e (autor) 
245 1 0 |a Conocimiento expropiado :  |b epistemología política en una democracia radical /  |c F. Broncano. 
264 4 |a Madrid, España :  |b Akal,  |c 2020, c2020 
264 2 |a Cartagena, España :  |b Odilo [distribución],  |c 2024 
300 |a 1 libro electrónico en línea (456 p.) 
300 |a 1 recurso en línea 
336 |a datos para computadora  |b cod  |2 rdacontenido 
337 |a computadora  |b c  |2 rdamedio 
338 |a recurso en línea  |b cr  |2 rdasoporte 
440 1 |a (Akal Pensamiento Crítico ;  |v 89) 
506 1 |a 1 licencia 
521 |a Odilo 2024 EEnlace Departamento de Formación Humana 
649 |a XX 
650 |a Sujeto Político 
650 |a Responsabilidad 
650 |a Interés Público 
650 |a Bien Común 
650 |a Solidaridad 
650 |a Justicia e Injusticia 
650 |a Igualdad y Desigualdad 
650 |a Liberalismo y Neoliberalismo Económicos 
650 |a Democracia 
650 |a Etica Política 
650 |a Epistemología -  |x Aspectos Políticos -  |x Tema Principal 
650 |a Filosofía Política -  |x Tema Principal 
650 |a Política -  |x Teoría 
856 4 0 |u https://iteso-odilotk-es.ezproxy.iteso.mx/info/03899151  |y Ver documento en línea 
910 |a Fondo General 
920 |a Electrónicos - Libros en Línea 
930 |a Plataforma Digital 
905 |a 205 
901 |a 591181-1  |b IT2  |c EBO  |u 20250521 
902 |a https://opac.biblio.iteso.mx/vufind/Record/000591181